Jak úspěšně studovat cizí jazyky
Gespeichert in:
| 1. Verfasser: | |
|---|---|
| Format: | Buch |
| Sprache: | Tschechisch |
| Veröffentlicht: |
Praha
GRADA Publishing
2012
|
| Ausgabe: | 2. aktual. a rozš. vyd. |
| Schlagworte: | |
| Tags: |
Keine Tags, Fügen Sie das erste Tag hinzu!
|
MARC
| LEADER | 00000nam$a2200000$$$4500 | ||
|---|---|---|---|
| 001 | 0230070 | ||
| 005 | 20240315114513.3 | ||
| 020 | |a 978-80-247-4387-5 | ||
| 041 | 0 | |a cze | |
| 044 | |a CZ | ||
| 245 | 1 | 0 | |a Jak úspěšně studovat cizí jazyky |c Ivan Kupka |
| 250 | |a 2. aktual. a rozš. vyd. | ||
| 264 | 1 | |a Praha |b GRADA Publishing |c 2012 | |
| 300 | |a 169 s. | ||
| 610 | 2 | 0 | |a jazykoveda |
| 610 | 2 | 0 | |a terminológia |
| 610 | 2 | 0 | |a jazyky cudzie |
| 610 | 2 | 0 | |a poradenstvo |
| 610 | 2 | 0 | |a metodika |
| 100 | 1 | |a Kupka, Ivan | |